平成に消滅・改称した東京都の市町村 - Statistics

General Stats
  • This quiz has been taken 47 times
  • The average score is 4 of 5
Answer Stats
変更年月日 変更内容 回答 変更後の市町村 % Correct
2001.01/21 新設合併 田無市 西東京市
100%
2001.01/21 新設合併 保谷市 西東京市
97%
1995.09/01 新設合併 五日市町 あきる野市
91%
1995.09/01 新設合併 秋川市 あきる野市
82%
1992.04/01 村名改称 新島本村 新島村
59%
No matching quizzes found
Score Distribution
Percent of People with Each Score
Percentile by Number Answered
Your Score History
You have not taken this quiz